| 000 | 00534nam a22002057a 4500 | ||
|---|---|---|---|
| 003 | koha_MIRAKIL | ||
| 005 | 20231213095957.0 | ||
| 008 | 231213b |||||||| |||| 00| 0 ||| d | ||
| 020 | _b978-9-75437762-0 | ||
| 040 |
_aTR-IsEVY _btur _cTR-IsEVY |
||
| 082 | _a813.42 BÜY/S | ||
| 100 | _aBüyükarkın, Bekir. | ||
| 245 | 0 | _aSuların gölgesinde | |
| 250 | _a5. bs. | ||
| 260 |
_bÖtüken Neşriyat, _c2015 |
||
| 300 | _a520 s. | ||
| 650 | _aHistorical fiction, Turkish. | ||
| 650 | _aTarihi roman, Türk. | ||
| 942 |
_2ddc _cBK |
||
| 999 |
_c12515 _d12515 |
||